|
|
|
|
| LEADER |
00917nam a2200241 a 4500 |
| 001 |
16314086 |
| 008 |
130411s2010 nyu 000 0 eng d |
| 010 |
|
|
|a 2010027575
|
| 020 |
|
|
|a 9780230239746
|
| 020 |
|
|
|a 9780230239753 (pbk.)
|
| 040 |
|
|
|a DLC
|c DLC
|d DLC
|d BD-DhAAL
|
| 082 |
0 |
0 |
|a 320.6
|2 22
|
| 100 |
1 |
|
|a McConnell, Allan,
|d 1957-
|
| 245 |
1 |
0 |
|a Understanding policy success :
|b rethinking public policy /
|c Allan McConnell.
|
| 260 |
|
|
|a New York :
|b Palgrave Macmillan,
|c 2010.
|
| 300 |
|
|
|a xvi, 265 p. ;
|c 25 cm.
|
| 504 |
|
|
|a Includes bibliographical references (235-256) and index.
|
| 541 |
|
|
|e 00026873
|
| 650 |
|
0 |
|a Political planning.
|
| 650 |
|
0 |
|a Success.
|
| 852 |
1 |
|
|a Ayesha Abed Library
|c General shelf.
|
| 999 |
|
|
|c 13293
|d 13293
|
| 952 |
|
|
|0 0
|1 0
|2 ddc
|4 0
|6 320_600000000000000_MCC
|7 0
|9 22189
|a IGS
|b IGS
|c GEN
|d 2013-04-11
|e Trim Education
|g 3155.00
|l 1
|m 2
|o 320.6 MCC
|p 3010026873
|r 2014-06-10
|s 2013-05-07
|t 1
|w 2013-04-11
|y BK
|